000
00380nam a22001577a 4500
003
MACL
005
20151119115351.0
008
151119b xxu||||| |||| 00| 0 eng d
040
_c
MACL
041
_a
HINDI
082
_a
004
100
_a
गोपाल मदन
_9
17522
245
_a
जन सम्पर्क
650
_a
संवाद
_9
17523
942
_2
ddc
_c
HIN
999
_c
50716
_d
50716